| 000 | 00000nam##2200000za#4500 |
| 001 | 9.616680 |
| 003 | CaOODSP |
| 005 | 20210615101735 |
| 007 | ta |
| 008 | 150406|2004||||xxc||||| f|0| 0 eng|d |
| 020 | |a0-662-35826-0 |
| 022 | |a1499-5905 |
| 040 | |aCaOODSP|beng |
| 043 | |an-cn--- |
| 086 | 1 |aEn40-237/3-2004E |
| 110 | 1 |aCanada.|bEnvironment Canada. |bNational Water Research Institute. |
| 245 | 10|aThreats to water availability in Canada / |cMeteorological Service of Canada. |
| 260 | |aBurlington - Ontario : |bEnvironment Canada. |cc2004. |
| 300 | |axx, 128p. : |bcoloured figs., graphs, maps, references, tables, photographs ; |c28 cm. |
| 490 | 1 |aNWRI scientific assessment report series|x1499-5905|vNo. 3 |
| 500 | |aFor general information on the programs, services and publications of NWRI, contact the Science Liaison Branch at: National Water Research Institute Environment Canada 867 Lakeshore Road, P.O. Box 5050 Burlington, ON L7R 4A6 email: nwriscience.liaison@ec.gc.ca |
| 520 | 3 |aComprises 15 chapters that collectively address a range of threats to water availability: for example, dams, reservoirs and flow regulation; droughts; floods; residential/urban development; industrial/manufacturing demands; mining; climate variability and change; and integrated and cumulative impacts. Each chapter details current status, trends, and knowledge and program needs. |
| 563 | |aSoftcover |
| 590 | |a08-20|b2008-05-16 |
| 775 | 08|tMenaces pour la disponibilité de l'eau au Canada / |w(CaOODSP)9.626454 |
| 776 | 0#|tThreats to water availability in Canada / |w(CaOODSP)9.563782 |
| 830 | #0|aNWRI Scientific assessment report series,|x1499-5905|vNo. 3|w(CaOODSP)9.514577 |